5HLuxD.jpg

KING HENRY VIII SENIOR AND PRIMARY SCHOOL LIBRARY OPAC

Living with Jackie Chan / (Record no. 558)

000 -LEADER
fixed length control field 01795nam a22002417a 4500
005 - DATE AND TIME OF LATEST TRANSACTION
control field 20190821151001.0
008 - FIXED-LENGTH DATA ELEMENTS--GENERAL INFORMATION
fixed length control field 190821b ||||| |||| 00| 0 eng d
020 ## - INTERNATIONAL STANDARD BOOK NUMBER
International Standard Book Number 9780763676636
040 ## - CATALOGING SOURCE
Transcribing agency KH8
082 ## - DEWEY DECIMAL CLASSIFICATION NUMBER
Classification number FIC KNO
100 ## - MAIN ENTRY--PERSONAL NAME
Personal name Knowles, Johanna
245 ## - TITLE STATEMENT
Title Living with Jackie Chan /
Statement of responsibility, etc. Johanna Knowles
260 ## - PUBLICATION, DISTRIBUTION, ETC.
Place of publication, distribution, etc. Somerville, Mass. :
Name of publisher, distributor, etc. Candlewick Press,
Date of publication, distribution, etc. 2015.
300 ## - PHYSICAL DESCRIPTION
Extent 384 pages ;
Dimensions 20 cm.
500 ## - GENERAL NOTE
General note Companion novel to: Jumping off swings.
520 ## - SUMMARY, ETC.
Summary, etc. "This isn't how Josh expected to spend senior year. He thought he'd be hanging out with his best friends, Dave and Caleb, driving around, partying, just like always. But here he is, miles from home--going to a new school, living with his Jackie Chan-obsessed uncle, Larry. Trying to forget. But Josh can't forget. So many things bring back memories of last year and the night that changed everything. He thinks about it every day. The pain, the shame, the just not knowing are never far from his thoughts. Why is he such a loser? How could he have done what he did? There are moments of peace, like when he's practicing karate paired with Stella, the girl upstairs and his one true friend. When they move together through the katas, Josh feels connected in a way he has never felt before. He wonders if they could be more than friends, but Stella's jealous boyfriend will make sure that doesn't happen. Maybe it doesn't matter. If Stella knew the truth, would she still think he was a true karate man?"--Publisher description.
650 ## - SUBJECT ADDED ENTRY--TOPICAL TERM
Topical term or geographic name entry element Teenage boys
Form subdivision Juvenile fiction.
650 ## - SUBJECT ADDED ENTRY--TOPICAL TERM
Topical term or geographic name entry element Uncles
Form subdivision Juvenile fiction.
650 ## - SUBJECT ADDED ENTRY--TOPICAL TERM
Topical term or geographic name entry element Karate
Form subdivision Training
General subdivision Juvenile fiction.
650 ## - SUBJECT ADDED ENTRY--TOPICAL TERM
Topical term or geographic name entry element Interpersonal relations
Form subdivision Juvenile fiction.
650 ## - SUBJECT ADDED ENTRY--TOPICAL TERM
Topical term or geographic name entry element Emotional problems of teenagers
Form subdivision Juvenile fiction.
942 ## - ADDED ENTRY ELEMENTS (KOHA)
Source of classification or shelving scheme
Koha item type Books - Fiction
Holdings
Withdrawn status Lost status Source of classification or shelving scheme Damaged status Not for loan Collection code Permanent Location Current Location Shelving location Date acquired Full call number Barcode Date last seen Price effective from Koha item type
          Fiction KH8 Senior School Library KH8 Senior School Library Young Adult 2019-08-21 FIC KNO 3KHSL000101111 2024-07-23 2019-08-21 Books - Fiction

Powered By KH8 IT Dept